[Event "GER-GRE"]
[Site "Fuerth"]
[Date "2002.09.03"]
[Round "4"]
[White "Miladinovic, Igor"]
[Black "Graf, Alexander"]
[Result "1/2-1/2"]
[WhiteElo "2503"]
[BlackElo "2624"]
[Annotator "Rabinovich,Al"]
[PlyCount "49"]
[EventDate "2002.08.31"]
[EventType "team"]
[EventRounds "6"]
[EventCountry "GER"]
[SourceTitle "CBM 091"]
[Source "ChessBase"]
[SourceDate "2002.11.12"]
[SourceVersion "1"]
[SourceVersionDate "2002.11.12"]
[SourceQuality "1"]
[WhiteTeam "Greece"]
[BlackTeam "Germany"]
[WhiteTeamCountry "GRE"]
[BlackTeamCountry "GER"]

1. d4 {[%mdl 8384]} Nf6 2. Bg5 {Miladinovic is known as one of an experts of
Trompowsky variation,so i gues it wasn't a surprise for black the choice of
the opening.} e6 3. e3 (3. e4 $5) 3... c5 (3... h6 4. Bh4 d6 5. Bd3 Nbd7 6. c4
Be7 7. Nc3 b6 8. Bg3 O-O 9. h3 Bb7 $11 {1-0 Gurevich,M-Nijboer,F/Wijk aan Zee
2001/CBM 81 (60)}) (3... Be7 4. c4 c5 5. Nc3 O-O 6. Nf3 cxd4 7. Qxd4 h6 8. Bh4
Nc6 9. Qd2 d5 $5 $11 {1/2-1/2 Miladinovic,I-Nikolaidis,I/Kavala 1999/EXT 2002 
(19)}) 4. c3 (4. dxc5 $5 Bxc5 5. Nd2 Be7 6. Ngf3 O-O 7. Bd3 d6 8. O-O (8. c3
Nbd7 9. Qc2 Nc5 10. Be2 b6 11. b4 Ncd7 12. O-O Bb7 13. Rac1 Rc8 $11 {1-0
Miladinovic,I-Grivas,E/Karditsa 1996/CBM 53 (71)}) 8... b6 9. Nc4 Nbd7 10. a4
a6 11. e4 Bb7 12. Re1 Nc5 $11 {1-0 Miladinovic,I-Arsovic,Z/Kavala 1997/EXT
2001 (56)}) 4... d5 (4... h6 5. Bh4 Nc6 (5... cxd4 6. cxd4 g5 7. Bg3 Ne4 8. Nc3
Nxg3 9. hxg3 d5 10. Bd3 $14 {1-0 Miladinovic,I-Hansen,C/Groningen 1997/CBM 63 
(52)}) 6. Nd2 d6 7. Bd3 Be7 8. Bxf6 Bxf6 9. Ngf3 b6 10. Ne4 Be7 11. Bb5 Bb7 $11
{1-0 Miladinovic,I-Drei,A/Montecatini Terme 1998/EXT 99 (43)}) (4... cxd4 5.
exd4 Be7 6. Bd3 b6 7. Nf3 Bb7 8. Bxf6 Bxf6 9. Qe2 (9. Nbd2 d6 10. O-O Nd7 11.
a4 a6 12. Be4 Bxe4 13. Nxe4 d5 14. Nxf6+ {1/2-1/2 Miladinovic,I-Spasov,V/Poros
1998/EXT 99 (14)}) 9... O-O 10. Nbd2 Nc6 11. O-O Ne7 12. a4 Qc7 13. Ne5 g6 14.
f4 d6 $11 {1/2-1/2 Miladinovic,I-Papaioannou,I/Korinthos 1999/EXT 2000 (56)})
5. Nd2 Be7 6. Bd3 Nbd7 (6... b6 $5 7. Ngf3 Nbd7 8. Qe2 Bb7 9. h4 Ne4 10. Bf4
Rc8 11. Rh3 Bf6 12. g4 h6 13. Bc2 Nxd2 14. Qxd2 b5 $132 {1/2-1/2 Miladinovic,
I-Chatalbashev,B/Ano Liosia 2000/CBM 79 ext (21)}) 7. f4 $5 {This variation is
very promising for white since keeping an eye on e5 square and the Bc8 is out
of the game for a while.} h6 $1 {The best move.White is facing an important
decision to kep the bishop or to exchange it...} (7... b6 8. Nh3 (8. Ngf3 Bb7
9. Ne5 (9. Bxf6 Bxf6 10. h4 Qc7 11. Kf2 O-O-O 12. a4 a6 13. Qe2 $132 {0-1
Chepukaitis,G-Taimanov,M/St Petersburg 1998/EXT 99 (60)}) 9... Nxe5 10. fxe5
Nd7 11. Bf4 Qc7 12. O-O O-O-O $132 {[%cal Gg7g5] 1-0 Kuijf,M-Moiseev,V/
Nettetal 1992/CBM 28 (39)}) 8... Bb7 9. O-O Qc7 10. Nf3 O-O-O 11. Ne5 $14 {
1-0 Rustemov,A-Vasilev,M/Dos Hermanas ESP 2002/The Week in Chess 388 (54)}) 8.
Bh4 (8. Bxf6 $5 {In my opinion this move promises more to white.} Nxf6 (8...
gxf6 $5 {[%cal Gf6f5]}) 9. Qf3 b6 10. Nh3 Bb7 11. O-O $14 {[%csl Re4][%cal
Gd2e4,Gd3e4,Gf3e4] Black can't enter to e4.While white has more space and easy
play.}) 8... Qc7 (8... g5 $5 9. fxg5 Nh7 10. Ngf3 Nxg5 $132) 9. Ngf3 c4 $5 {
Beginning attack on Qside.} 10. Bc2 b5 11. O-O Bb7 (11... g5 $1 12. fxg5 (12.
Bg3 Nh5 13. Ne5 Nxg3 14. hxg3 h5 $132) 12... hxg5 13. Bxg5 Ng4 14. Bf4 (14.
Bxe7 Nxe3 $17) 14... Bd6 $40) 12. Ne5 $14 Bd6 13. Qf3 {White achieved the
better position due to more space and strong Ne5.} Rf8 {[%cal Ge8c8]} 14. Qg3
$6 (14. Qh3 $5 O-O-O {[%cal Gg7g5]}) 14... g5 $5 {Just on time.} 15. fxg5 Nxe5
16. dxe5 Bxe5 17. Qh3 hxg5 18. Bxg5 Ne4 {Both sides made few forced moves.And
now white succeded to keep the black king in the center...} 19. Nxe4 dxe4 {
[%cal Gf8h8,Gh8h2]} 20. Bd1 $1 {Only move.} f5 (20... Rh8 $2 21. Bh5 Bxh2+ 22.
Kh1 $18 {[%csl Rf7]}) 21. a4 $5 (21. Bh5+ $6 Kd7 22. Rad1+ Kc6 {[%cal Gf8h8]
Can be dangerous for white.}) 21... Rh8 $8 22. Bh5+ Kd7 $8 {[%cal Ge5h2]} (
22... Kf8 $2 {[%tqu "En","Find the best move for white.","","","f1f5","Correct.
",10]} 23. Rxf5+ $1 exf5 24. Qxf5+ Kg8 25. Qe6+ Kg7 26. Qg6+ Kf8 27. Rf1+ $18)
23. Bf4 Kc6 24. axb5+ Kxb5 25. b3 $6 {It is a pity that after such a good game
white doesn't find the best continuation....} (25. Qg3 $1 Bxf4 26. Rxf4 Qc5 (
26... Rxh5 27. Rxf5+ $18 {[%cal Gg3c7]} Kb6 28. Qxc7+ Kxc7 29. Rxh5) 27. Be2
$36 {[%cal Gb2b3]}) (25. b3 cxb3 26. Rfb1 Bd5 {And it is not easy for white to
prove that his initiative worth the material.}) 1/2-1/2

[Event "Hamburg-ch int"]
[Site "Hamburg"]
[Date "1998.06.04"]
[Round "7"]
[White "Reddmann, Hauke"]
[Black "Wilhelmi, Christian"]
[Result "1-0"]
[WhiteElo "2315"]
[BlackElo "2445"]
[Annotator "Reddmann,H"]
[PlyCount "80"]
[EventDate "1998.05.29"]
[EventType "swiss"]
[EventRounds "9"]
[EventCountry "GER"]
[SourceTitle "CBM 064 Extra"]
[Source "ChessBase"]
[SourceDate "1998.07.07"]
[SourceVersion "1"]
[SourceVersionDate "1998.07.07"]
[SourceQuality "1"]

1. d4 Nf6 2. Bg5 Ne4 3. Bf4 c5 4. f3 {HR spielt wieder mit Pauken und
Trompowsky!} Nf6 5. dxc5 b6 6. cxb6 Qxb6 7. Qc1 d5 8. e4 Nc6 9. Nc3 e5 10. exd5
exf4 11. Bb5 Bc5 12. Bxc6+ Bd7 13. Na4 (13. Bxa8 Bxg1 14. Ne2 Be3 {ist für
Weiß extrem gefährlich}) 13... Qa5+ 14. Qd2 Bf2+ 15. Ke2 Qxd2+ 16. Kxd2 Bxc6
17. dxc6 O-O-O+ (17... Be3+ {><d2} 18. Ke1 (18. Ke2 O-O-O 19. Nh3 $132) (18.
Kc3 $1) 18... O-O-O 19. Rd1 Rxd1+ 20. Kxd1 Rd8+ 21. Ke1 Rd2 22. c3 Nd5 23. Ne2
Nb6 $17) 18. Kc3 Kc7 19. a3 Rd4 $2 (19... Be3) 20. b4 a5 {(+)} 21. Kb3 axb4 22.
axb4 Nd5 23. c3 $18 Rd2 24. Nh3 Be3 25. Rhd1 Rd8 26. Rxd2 Bxd2 27. Ra2 Be3 28.
b5 (28. Ng5 $1) 28... Ne7 29. Nb2 Nc8 30. Nc4 h6 31. Kb4 g5 32. Nf2 f5 33. Re2
Nb6 34. Nxb6 Kxb6 35. Kc4 Ra8 36. Nd3 Ra5 37. Rb2 g4 38. Ne5 h5 39. Kd5 Kc7 40.
Nc4 Ra8 1-0

[Event "EU-ch 12th"]
[Site "Aix les Bains"]
[Date "2011.03.26"]
[Round "5"]
[White "Bagirov, Rufat"]
[Black "Vuckovic, Bojan"]
[Result "0-1"]
[WhiteElo "2476"]
[BlackElo "2626"]
[Annotator "Reeh,O"]
[PlyCount "82"]
[EventDate "2011.03.22"]
[EventType "swiss"]
[EventRounds "11"]
[EventCountry "FRA"]
[SourceTitle "CBM 142 Extra"]
[Source "ChessBase"]
[SourceDate "2011.06.27"]
[SourceVersion "1"]
[SourceVersionDate "2011.06.27"]
[SourceQuality "1"]

1. d4 Nf6 2. Bg5 c5 3. Bxf6 gxf6 4. d5 Qb6 5. Qc1 f5 6. c4 Qb4+ 7. Nc3 Qxc4 8.
e4 Qb4 9. a3 Qb6 10. exf5 Bg7 11. Nf3 d6 12. Qc2 Nd7 (12... Bxf5 $4 13. Qxf5
Qxb2 14. Qc8#) 13. Bb5 a6 14. Bxd7+ Bxd7 15. O-O O-O-O 16. Nd2 Kb8 17. Nc4 Qc7
18. a4 e6 19. Qb3 Bxc3 20. bxc3 exd5 21. Ne3 Bc6 22. Nxd5 Qd7 23. Rfd1 Rhg8 24.
g3 Rg5 25. Ne3 Bf3 26. Rd2 d5 27. Rb1 Rgg8 28. Qb6 Be4 29. Rbd1 Qc6 $1 30. Qxc6
bxc6 31. Kf1 Rge8 32. g4 Kc7 33. Ke2 c4 34. Rb2 Bd3+ 35. Kf3 Rb8 36. Ra2 ({
Worth considering was In Betracht kam} 36. Rxb8 $5 Rxb8 37. g5 {- the advance
of the kingside pawns always offers White some counter chances. - der Vorstoß
der Königsflügelbauern bietet Weiß immer einige Gegenchancen.}) 36... Rb3 37.
Rc1 Kd6 38. Kf4 h6 39. f3 $2 {Preventing ...Re4+, but the price is too high.
Verhindert ...Re4+, aber der Preis ist zu hoch.} ({This had to be prepared:
Dies musste vorbereitet werden:} 39. Rd2 $5 {followed by f3, h4 and g5, and
White is not without chances. nebst f3, h4 und g5, und Weiß ist nicht ohne
Chancen}) {[%tqu "En","Black's pieces are very active. How can he increase his
superiority?","Exploit the third rank!","","d5d4","Very strong, since after 40.
cxd4 Black wins material.  How?",15,"De","Die Figuren von Schwarz stehen sehr
aktiv. Wie kann er sein Übergewicht vergrößern?","Nutzen Sie die dritte Reihe
aus!","","d5d4","Bärenstark, denn nach 40.cxd4 gewinnt Schwarz Material.  
Wie?",15]} 39... d4 $1 40. cxd4 ({After Nach} 40. Nd1 {Black activates his
king: aktiviert Schwarz seinen König:} Kd5 $1 {with the threat 41...dxc3
followed by 42....Kd4. mit der Drohung 41...dxc3 nebst 42....Kd4.}) {[%tqu
"En","What now?","Watch out for the themes: discovered attack, attraction,
double attack.","","e8e3","Grabbing the uprooted knight - the discovered check
on the 3rd rank gains material.",5,"De","Was nun?","","","e8e3","Schnappt sich
den entwurzelten Springer - das Abzugsschach auf der 3. Reihe erobert Material.
",5]} 40... Rxe3 $1 {Grabbing the uprooted knight - the discovered check on
the 3rd rank gains material.  Schnappt sich den entwurzelten Springer - das
Abzugsschach auf der 3. Reihe erobert Material.} 41. Kxe3 Bb1+ 0-1

[Event "Olympiad-30"]
[Site "Manila"]
[Date "1992.06.20"]
[Round "11.3"]
[White "West, Guy"]
[Black "Seredenko, Vladimir Semenovich"]
[Result "1-0"]
[WhiteElo "2405"]
[BlackElo "2335"]
[Annotator "Rogers,I"]
[PlyCount "45"]
[EventDate "1992.06.08"]
[EventType "team-swiss"]
[EventRounds "14"]
[EventCountry "PHI"]
[SourceTitle "TD"]
[Source "ChessBase"]
[SourceDate "1994.03.01"]
[SourceVersion "1"]
[SourceVersionDate "1994.03.01"]
[SourceQuality "1"]
[WhiteTeam "Australia"]
[BlackTeam "Kazakhstan"]
[WhiteTeamCountry "AUS"]
[BlackTeamCountry "KAZ"]

1. d4 Nf6 2. Bg5 c5 3. Nc3 $5 cxd4 4. Qxd4 Nc6 5. Qh4 d6 6. e4 Bd7 7. O-O-O Rc8
{By an extraordinary move order the players have reached a type of Sicilian
Defence with White's queen on h4 instead of a knight on d4. The difference
should favour Black since White's queen cannot play a part in the defence of
the White king. However over the next few moves the Kazak master takes too
much time launching his attack and West is given the chance to take over the
initiative.} 8. Kb1 Qa5 9. Nf3 a6 $6 10. Nd2 $1 Be6 11. Bc4 h6 $2 12. Bxf6 gxf6
13. Bxe6 fxe6 14. f4 Nd4 15. Nb3 Nxb3 16. axb3 f5 17. Qh5+ Kd7 18. Qf7 $1 {
Black is bound hand and foot on the kingside so his next desperate bid for
freedom is understandable.} Rxc3 $5 19. bxc3 fxe4 20. Rxd6+ $3 Kxd6 21. Rd1+
Kc7 22. Qe8 Qxc3 $2 {The reaction of a player in a state of shock.} (22... Qc5
{was the only try but White would still win with} 23. Qd8+ Kc6 24. Rd4 $1 b5
25. b4 $1) 23. Qd8+ ({The queen is lost after} 23. Qd8+ Kc6 24. Qc8+) 1-0

[Event "Dubai op 6th"]
[Site "Dubai"]
[Date "2004.04.24"]
[Round "6"]
[White "Carlsen, Magnus"]
[Black "Jobava, Baadur"]
[Result "1/2-1/2"]
[WhiteElo "2552"]
[BlackElo "2616"]
[Annotator "Roiz,M"]
[PlyCount "54"]
[EventDate "2004.04.19"]
[EventType "swiss"]
[EventRounds "9"]
[EventCountry "UAE"]
[SourceTitle "CBM 101"]
[Source "ChessBase"]
[SourceDate "2004.07.27"]
[SourceVersion "1"]
[SourceVersionDate "2004.07.27"]
[SourceQuality "1"]

{[%mdl 32]} 1. d4 Nf6 2. Bg5 Ne4 3. Bf4 d5 4. e3 {A solid continuation.} ({
The alternatives are:} 4. f3) ({and} 4. Nd2) 4... c6 {That move has already
tried by strong GM's. Black prevents c2-c4 and wants to get a ''Slav'' type of
position.} ({The most common continuations are:} 4... Bf5) (4... e6) ({and} 
4... c5) 5. Bd3 {The most natural and common move. White completes the
development and intending to advance his ''c'' pawn.} ({After} 5. f3 Nf6 6. c4
e6 7. Nc3 Nbd7 {black has a good version of ''Meran'' variation due to white's
pawn on f3, which takes an important square for Ng1.}) (5. Nd2 Nxd2 6. Qxd2 Bf5
7. f3 e6 8. g4 Bg6 9. h4 h6 (9... h5 $5) 10. Ne2 Bd6 11. O-O-O Qc7 12. Bxd6
Qxd6 13. Nf4 Bh7 14. g5 $36 {1-0 Piket,J-Miles,R/Sremic Krsko 1998/EXT 99 (34)}
) 5... Nf6 {In my opinion,after that move black cannot hope for an equalizing,
since white has won a tempo for his development and can prepare a standard
plan with c2-c4.} (5... Nd7 6. Bxe4 dxe4 7. Nc3 Nf6 8. Nge2 Bf5 9. Ng3 e6 10.
Bg5 Bb4 11. O-O Bxc3 12. bxc3 h6 13. Bxf6 Qxf6 14. f3 Qg5 15. f4 $14 {1/2-1/2
Zaichik,G-Anand,V/Coimbatore 1987/EXT 97 (55)}) (5... Qb6 6. Bxe4 Qxb2 7. Nd2
dxe4 8. Ne2 Nd7 9. Nxe4 g6 10. O-O Bg7 11. Qd3 Qb6 12. a4 O-O 13. a5 Qd8 14.
Qc3 $14 {1-0 Hodgson,J-Smejkal,J/Germany 1996/GER-chT (34)}) ({comes to
consideration:} 5... Nd6 $5 6. Nf3 (6. Nd2 Nd7 7. Ne2 g6 8. h4 h5 9. c3 Bg7 10.
Nf3 Nf6 11. Ng5 Bf5 {1/2-1/2 Prie,E-Istratescu,A/Nantes FRA 2003 (11)}) 6...
Bg4 7. Nbd2 e6 8. c3 Nd7 9. Qc2 Bh5 10. O-O Bg6 11. Rae1 Be7 12. Bxg6 hxg6 13.
c4 Nxc4 14. Nxc4 dxc4 15. Qxc4 Nb6 16. Qc2 Bd6 17. Ne5 Qc7 18. Rc1 Nd7 $11 {
1/2-1/2 Le Roux,J-Istratescu,A/Guingamp FRA 2004 (90)}) 6. c4 Na6 $6 $146 {
A dubious method of development, because the knight hasn't good perspectives.}
(6... e6 7. Nf3 Be7 8. Ne5 Nbd7 9. O-O O-O 10. Nd2 $14 {0-1 Heisel,G-Strizak,N/
Germany 2000/EXT 2001 (46)}) (6... Be6 7. Nd2 dxc4 8. Nxc4 Bxc4 9. Bxc4 e6 10.
Nf3 (10. a3 $5) 10... Bb4+ 11. Ke2 Bd6 12. Bxd6 Qxd6 13. Qb3 Nbd7 14. Rhd1 O-O
15. Kf1 $14 {1/2-1/2 Torre,E-Hort,V/Bad Homburg 1998/CBM 66 (26)}) 7. a3 {
That move is not necessary at all,but it's quite useful.} (7. Nc3 $5 Nb4 (7...
Qb6 8. a3 {[%csl Ra6,Rb6]}) 8. Be2 Bf5 9. Rc1 dxc4 10. Bxc4 e6 11. Bg5 (11. Nf3
$6 Nbd5 $1 {[%csl Rf4][%cal Gd5f4]} 12. Bg5 $140 $2 Nxc3 13. bxc3 Ba3 $17 {
[%csl Rc1]}) 11... Be7 12. Nf3 $14) 7... Bg4 8. Nf3 {A quiet choice. White is
trying to get a stable advantage without any ''risky'' decisions.} ({Deserved
attention also} 8. f3 $5 Bh5 (8... Be6 9. c5 Nh5 10. Bg5 $14) 9. Nc3 e6 10.
Nge2 Nc7 (10... dxc4 11. Bxc4 Nc7 12. e4 $14) 11. c5 $36 {[%csl Rc7][%cal
Gb2b4,Gg2g4,Gh2h4] and black's position is unpleasant enough-the Nc7 is not
placed well and that doesn't allows black to prepare e6-e5. On the other hand,
white may seize a lot of space,advancing his pawns on both sides.}) 8... e6 9.
Nc3 Nc7 (9... dxc4 10. Bxc4 Nc7 11. Qb3 $1 Rb8 12. Ne5 $36) 10. c5 $1 {A
correct decision from strategical point of view - white has to prevent the
activization of Nc7.} ({after} 10. O-O dxc4 11. Bxc4 Ncd5 12. Bg5 Be7 $14 {
white could get a very solid position.}) 10... Be7 11. b4 {Too softy! White
chooses a long plan of advancing a queenside pawns.} ({White could play more
energetically:} 11. Qb3 $1 Rb8 ({there is no time for} 11... Bxf3 {in view of}
12. Qxb7 $1 $18 {[%csl Rc6,Rc7]}) 12. Ne5 Bf5 (12... Bh5 13. Qa4 $1 $16 {
[%csl Rc6][%cal Ge5c6]}) 13. Bxf5 exf5 14. Qc2 Qc8 15. h3 O-O 16. g4 $36 {
with a dangerous initiative.}) 11... O-O 12. h3 Bh5 $6 {That allows white to
create an additional target for the kside attack-that makes black's position
very dangerous.} (12... Bxf3 $142 13. gxf3 (13. Qxf3 Nd7 14. O-O Re8 $14 {
[%cal Ge7f6,Ge6e5]}) 13... Nd7 14. Qc2 f5 $14) 13. g4 $1 ({After} 13. O-O Nd7
14. a4 Bf6 15. Bd6 Re8 $132 {black has a reasonable counterplay in the centre.}
) 13... Bg6 14. Bxg6 hxg6 15. Ne5 {This knight can be easily exchanged by
black's knight.} (15. Qd3 $142 Nd7 (15... a5 16. b5 Nxb5 17. Nxb5 cxb5 18. Qxb5
$16 {[%csl Ra5,Rb7]}) 16. h4 $16) 15... a5 {In order to get some counterplay
on the queenside.} (15... Nd7 $5 16. h4 Nxe5 17. Bxe5 $14) 16. h4 Nd7 17. g5 $1
$16 {It's important to fix black's pawns around black's monarch - in that case
h4-h5 would be stronger, since black couldn't remove his king from the danger
zone so fast.} (17. h5 $143 g5 18. Bg3 Nxe5 19. Bxe5 Bf6 $14) 17... Nxe5 18.
Bxe5 axb4 19. axb4 Rxa1 {Black has to change as more pieces as he can in order
to decrease white's attacking potential and to reach some space for his king
by f7-f6.} (19... Qd7 20. Rxa8 Rxa8 21. h5 Bxg5 22. hxg6 fxg6 23. Qb1 $16) 20.
Qxa1 f6 21. Bxc7 {White's knight is much stronger than black's bishop, but
white has to play energetically in order to realize that advantage.} ({Correct
was:} 21. gxf6 $142 $1 Bxf6 (21... gxf6 22. Qb1 Kf7 23. h5 gxh5 24. Bxc7 Qxc7
25. Qh7+ Ke8 26. Qxh5+ Kd7 27. Na4 $16) 22. Bg3 Qd7 23. Qb1 $16 {and black's
weakneses are very vulnerable.}) 21... Qxc7 22. f4 {All white's pawns are
placed ideally, so the dark-squared bishop has no perspectives.} (22. h5 gxh5
23. g6 f5 24. Qd1 (24. Rxh5 Rf6 25. Qa8+ Rf8 $11) 24... Bg5 25. Rxh5 Bh6 $132)
(22. Qd1 fxg5 23. h5 (23. hxg5 Bxg5 24. Qg4 Qf7 $1 25. f4 (25. Qxg5 $2 Qxf2+
26. Kd1 Qf3+ $19) 25... Bh6 $15) 23... gxh5 24. Qxh5 Bf6 $132) (22. Qb1 f5 (
22... Kf7 $2 23. gxf6 gxf6 24. h5 gxh5 25. Qh7+ Ke8 26. Qxh5+ Kd7 27. Na4 $16)
23. f4 (23. Ne2 e5 24. dxe5 Qxe5 25. Nf4 Ra8 $132) 23... Kf7 24. h5 gxh5 25.
Rxh5 Qb8 26. Qa2 Qa8 27. Rh2 $14) 22... b6 $6 {That attempt to get a
counterplay on the queenside is too slowly.} ({badly was also:} 22... e5 $2 23.
h5 $1 exd4 (23... exf4 24. hxg6 f5 {[%cal Ge7g5]} (24... fxe3 25. Ke2 $18) (
24... fxg5) 25. Nxd5 $3 cxd5 26. Qa2 $18 {[%cal Ga2d5,Ga2h2,Gh1h8]}) 24. hxg6
dxc3 25. Qd1 $18) ({but after} 22... Kf7 $142 {black's positions seems to be
defensible.}) 23. Ne2 $2 {Missing a nice attacking possibility.} (23. Qb1 $142
$1 bxc5 24. bxc5 Kf7 (24... f5 25. h5 gxh5 26. Rxh5 Rb8 27. Qa2 $36) 25. h5
gxh5 26. g6+ Ke8 27. Rxh5 Kd7 (27... f5 28. Rh7 (28. Rh2 $6 Rf6 $132) 28... Bf6
29. Rh2 $36 {[%cal Gh2b2]}) 28. Rh7 Rg8 29. Kf1 $36 {[%cal Gc3a4]} (29. Na4 $5
Qa5+ 30. Kf1 Qa6+ 31. Kf2)) 23... bxc5 24. bxc5 Qb7 {[%csl Rb1][%cal Yb7b1]
Taking control on ''b1'' and threating 25...Qb4+. Now white cannot keep his
monarch in the centre anymore.} 25. O-O (25. gxf6 Bxf6 26. Kf2 (26. h5 gxh5 27.
Rxh5 Kf7 $11) 26... Qe7 27. Kg3 (27. Kg2 Bxh4 28. Qa6 g5 $132) 27... Kf7 $132 {
[%cal Gf8h8]} 28. Ng1 $140 $2 Qxc5) 25... Kf7 $11 {[%cal Gf8h8] Now white has
only a symbolic advantage, as he cannot make any progress.} 26. Kf2 (26. Rb1 $2
Qd7 $40 {[%cal Ge6e5,Gd7g4]}) 26... Rh8 27. Rb1 Qd7 ({After} 27... Qd7 28. Kg3
$11 {the draw is unavoidable, as any side cannot make progress.}) 1/2-1/2